Přímluvce postmoderny / Zdeněk Neubauer
Record details
- ISBN: 80-7111-012-4
- Physical Description: 83 s. ; 17 cm
- Edition: 1. vyd.
- Publisher: Praha : Hrnčířství a nakladatelství Michal Jůza & Eva Jůzová, 1994
Search for related items by subject
| Subject: | postmodernismus věda a víra > dějiny Postmodernism Religion and science > History |
| Genre: | eseje Essays |
Search for related items by series
Available copies
- 1 of 1 copy available at Common Catalog SPOK.
Holds
- 0 current holds with 1 total copy.
Show Only Available Copies
| Location | Call Number / Copy Notes | Barcode | Shelving Location | Status | Due Date |
|---|---|---|---|---|---|
| Jabok Library | FL-3/Ne | 424480004253 | Odborná literatura | Available | - |
| LDR | 01419nam a2200421 a 4500 | ||
|---|---|---|---|
| 001 | 10357 | ||
| 003 | CZ-PrJAB | ||
| 005 | 20220530115405.0 | ||
| 007 | ta | ||
| 008 | 950526s1994 xr e 000 e cze | ||
| 015 | . | ‡acnb000106117 | |
| 020 | . | ‡a80-7111-012-4 ‡q(brož.) | |
| 035 | . | ‡a(CZ PrNK)np9542047 | |
| 035 | . | ‡a(OCoLC)49049623 | |
| 040 | . | ‡aABA001 ‡bcze | |
| 072 | 7. | ‡a2-1 ‡xPřirozená teologie. Náboženská filozofie ‡2Konspekt ‡95 | |
| 080 | . | ‡a001 ‡2MRF | |
| 080 | . | ‡a21 ‡2MRF | |
| 080 | . | ‡a008 ‡2MRF | |
| 080 | . | ‡a(048.8) ‡2MRF | |
| 100 | 1 | . | ‡aNeubauer, Zdeněk, ‡d1942-2016 ‡7jn19981228103 ‡4aut |
| 245 | 1 | 0. | ‡aPřímluvce postmoderny / ‡cZdeněk Neubauer |
| 250 | . | ‡a1. vyd. | |
| 260 | . | ‡aPraha : ‡bHrnčířství a nakladatelství Michal Jůza & Eva Jůzová, ‡c1994 | |
| 300 | . | ‡a83 s. ; ‡c17 cm | |
| 490 | 1 | . | ‡aScientia & Philosophia |
| 490 | 1 | . | ‡aSkripta ; ‡vsv. 4 |
| 650 | 0 | 7. | ‡apostmodernismus ‡7ph124403 ‡2czenas |
| 650 | 0 | 7. | ‡avěda a víra ‡7ph116677 ‡xdějiny ‡2czenas |
| 650 | 0 | 9. | ‡aPostmodernism ‡2eczenas |
| 650 | 0 | 9. | ‡aReligion and science ‡xHistory ‡2eczenas |
| 655 | 7. | ‡aeseje ‡7fd132213 ‡2czenas | |
| 655 | 9. | ‡aEssays ‡2eczenas | |
| 830 | 0. | ‡aScientia & Philosophia | |
| 830 | 0. | ‡aSkripta (Hrnčířství a nakladatelství Michal Jůza & Eva Jůzová) | |
| 910 | . | ‡aABG312 | |
| 901 | . | ‡a10357 ‡bUnknown ‡c10357 ‡tbiblio | |